Euclidean quantum gravity /

Guardado en:
Otros Autores: Gibbons, G. W. (Editor ), Hawking, S. W. (Editor )
Formato: Libro
Idioma:English
Publicado: Singapore : World Scientific, c1993.
Materias:
Acceso en línea:Google Book Search
Etiquetas: Agregar Etiqueta
Sin Etiquetas, Sea el primero en etiquetar este registro!
LEADER 00967nam a2200265 a 4500
001 MAT.inmabb003846
008 931123s1993####si#a#####b####000#0#eng#d
005 20130313142447.0
245 0 0 |a Euclidean quantum gravity /  |c editors: G. W. Gibbons, S. W. Hawking. 
260 |a Singapore :  |b World Scientific,  |c c1993. 
300 |a xiii, 586 p. :  |b il. ;  |c 26 cm. 
500 |a Reimpresión de artículos originalmente publicados entre 1963 y 1989. 
504 |a Incluye referencias bibliográficas. 
020 |a 9810205155 
020 |a 9810205163 (pbk.) 
700 1 |a Gibbons, G. W.  |4 edt 
700 1 |a Hawking, S. W.  |q (Stephen W.)  |4 edt 
650 0 |a Quantum gravity. 
650 0 |a Cosmology. 
650 0 |a Black holes (Astronomy) 
084 |a 83C45 (81V17 83C57 83F05 83-06 00B60)  |2 msc2000 
010 |a  93234798  
040 |a DN-RL  |c DN-RL  |d DLC 
856 4 1 |u http://books.google.com/books?isbn=9810205163  |y Google Book Search 
859 |h 83  |i Eu86  |p A-7892  |b BIB. MATEMATICA